MARC

LEADER 00000nam0a2200000 4500
001 174329
005 20231031164639.0
020 |a RU  |b 86-77823 
035 |a (RuTPU)RU\TPU\book\189044 
090 |a 174329 
100 |a 20100126d1986 k a0rusy5003 ca 
101 1 |a rus  |c eng 
102 |a RU 
105 |a a z 001zy 
200 1 |a Стохастические методы в естественных науках  |e пер. с англ.  |f К. В. Гардинер 
210 |a Москва  |c Мир  |d 1986 
215 |a 528 с.  |d 23 см 
610 1 |a случайные процессы 
610 1 |a статистическая физика 
610 1 |a теория вероятностей 
610 1 |a марковские процессы 
610 1 |a дифференциальные уравнения 
610 1 |a уравнения Фоккера-Планка 
610 1 |a приближенные методы 
610 1 |a бистабильность 
675 |a 531.19  |z rus 
700 1 |a Гардинер  |b К. В.  |g Криспин В.  |4 070 
801 0 |a RU  |b RuMRKP  |c 19950704  |g psbo 
801 1 |a RU  |b 63413507  |c 20100126 
801 2 |a RU  |b 63413507  |c 20151125  |g RCR 
942 |c BK